000
00227nam a22000977a 4500
999
_c
15955
_d
15955
003
OSt
008
191024b ||||| |||| 00| 0 eng d
100
_a
Joseph,Anni.
_9
4428
245
_a
Moonu college kumarikalude kadha
942
_c
BK